| 000 | 01849cam a2200433 a 4500 | ||
|---|---|---|---|
| 001 | 54791 | ||
| 005 | 20230411085930.0 | ||
| 008 | 020318s2003 enkab c b 001 0 eng | ||
| 010 | _a 2002004285 | ||
| 035 | _a(OCoLC)ocm49565939 | ||
| 040 |
_aDLC _cDLC _dBAKER _dBTCTA _dYDXCP |
||
| 020 | _a0195137477 (alk. paper) | ||
| 020 | _a9780195137477 (alk. paper) | ||
| 029 | 1 |
_aYDXCP _b1883748 |
|
| 035 | _a(OCoLC)49565939 | ||
| 042 | _alcac | ||
| 043 | _an-us--- | ||
| 050 | 1 | 4 |
_aE187 _bG778c 2003 |
| 082 | 0 | 0 | _a973.2 |
| 049 | _aGRAL | ||
| 100 | 1 |
_aGray, Edward G., _d1964- |
|
| 245 | 1 | 0 |
_aColonial America : _ba history in documents / _cEdward G. Gray. |
| 260 |
_aOxford ; _aNew York : _bOxford University Press, _cc2003. |
||
| 300 |
_a191 p. ; _cill., maps ; _c27 cm. |
||
| 440 | 0 | _aPages from history | |
| 504 | _aIncludes bibliographical references (p. 184-186) and index. | ||
| 505 | 0 | _aEngland expands -- New lands, new lives -- Colonists confront first nations -- Who built the colonies? -- Ties that bind -- A spiritual people -- Gentlewomen and gentlemen -- A world of things. | |
| 651 | 0 |
_aUnited States _xHistory _yColonial period, ca. 1600-1775 _vSources _vJuvenile literature. |
|
| 651 | 1 |
_aUnited States _xHistory _yColonial period, ca. 1600-1775 _vSources. |
|
| 856 | 4 | 1 |
_3Table of contents only _uhttp://www.loc.gov/catdir/toc/fy036/2002004285.html |
| 856 | 4 | 2 |
_3Publisher description _uhttp://www.loc.gov/catdir/enhancements/fy0612/2002004285-d.html |
| 856 | 4 | 2 |
_3Contributor biographical information _uhttp://www.loc.gov/catdir/enhancements/fy0722/2002004285-b.html |
| 938 |
_aBaker and Taylor _bBTCP _n2002004285 |
||
| 938 |
_aYBP Library Services _bYANK _n1883748 |
||
| 938 |
_aBaker & Taylor _bBKTY _c37.95 _d37.95 _i0195137477 _n0003958229 _sactive |
||
| 942 |
_2lcc _cbk |
||
| 994 |
_aC0 _bDRFGD |
||
| 946 | _aLspaulino | ||
| 999 |
_c109546 _d109546 |
||